Logo BPK

Biblioteka

Politechniki Koszalińskiej

Instalacje i urządzenia sanitarne : (Rekord nr 5573)

Szczegóły MARC
000 -ETYKIETA REKORDU
podpole kontrolne o stałej długości 00627nam a2200181 i 4500
001 - NUMER KONTROLNY REKORDU
pole kontrolne bg
040 ## - ŹRÓDŁO KATALOGOWANIA
Instytucja, która utworzyła rekord BPK
041 ## - KOD JĘZYKA
Kod języka tekstu pol
080 ## - UNIWERSALNA KLASYFIKACJA DZIESIĘTNA - UKD
UKD 696:628.1/.2](075.8)(076)
008 - POLE O STAŁEJ DŁUGOŚCI - DANE KONTROLNE
podpole kontrolne o stałej długości s pl f |000 0 pol
100 1# - NAZWA OSOBOWA
Nazwa osobowa JARECKA, Urszula
245 #0 - TYTUŁ/ODPOWIEDZIALNOŚĆ
Tytuł Instalacje i urządzenia sanitarne :
Ciąg dalszy tytułu skrypt dla studentów wyższych szkół technicznych.
Oznaczenie części/sekcji dzieła Cz. 2,
Tytuł części/sekcji dzieła Instalacje kanalizacyjne /
Pozostałe elementy strefy tytułu i oznaczenia odpowiedzialności Urszula Jarecka ; Politechnika Krakowska im. Tadeusza Kościuszki.
260 ## - STREFA ADRESU WYDAWNICZEGO
Miejsce wydania Kraków :
Nazwa wydawcy/dystrybutora PK,
Data publikacji, dystrybucji/powstania dokumentu 1992.
300 ## - STREFA OPISU FIZYCZNEGO
Objętość 120 s. :
Inne cechy fizyczne rys.
Rozmiary 24 cm.
504 ## - UWAGA DOTYCZĄCA BIBLIOGRAFII
Informacje o bibliografii Bibliogr. s. 120.
710 ## - HASŁO DODATKOWE - NAZWA CIAŁA ZBIOROWEGO
Nazwa ciała zbiorowego lub jednostki geograficznej POLITECHNIKA KRAKOWSKA (Kraków)
856 ## - LOKALIZACJA I DOSTĘP DO ELEKTRONICZNYCH DOKUMENTÓW ZDALNYCH
Link (URL) http://koha.tu.koszalin.pl/cgi-bin/koha/opac-detail.pl?biblionumber=5573
Tekst linku Katalog online BPK
942 ## - DODATKOWE ELEMENTY (KOHA)
Typ dokumentu Książka
Egzemplarze
Wycofany Status egzemplarza Uszkodzony Dostępność Lokalizacja stała Lokalizacja bieżąca Miejsce przechowywania Sygnatura Kod kreskowy Typ dokumentu
      Dostępny Biblioteka Politechniki Koszalińskiej Biblioteka Politechniki Koszalińskiej Wypożyczalnia BG P 44955 01240436 Książka
© 2023 Biblioteka Politechniki Koszalińskiej :: KOHA